[Event "Mittelfr. EM 2018 - Nebenturnier"]
[Site "Nürnberg"]
[Date "2018.03.28"]
[Round "1.6"]
[White "Zeug, Klaus-Peter"]
[Black "Schöne, Steffen"]
[Result "0-1"]
[WhiteElo "1587"]
[BlackElo "1860"]
[PlyCount "100"]
[EventDate "2018.??.??"]
[WhiteTeam "SK Nürnberg"]
[BlackTeam "Zabo-Eintracht Nürnberg"]

1. e4 g6 2. d4 Bg7 3. Nf3 d6 4. Nc3 Nf6 5. Be3 O-O 6. Qd2 c6 7. Bd3 Nbd7 8. h3
a6 9. Bh6 b5 10. Bxg7 Kxg7 11. Ne2 e5 12. c3 Bb7 13. Ng3 Qe7 14. Kf1 Rfe8 15.
Re1 Rad8 16. h4 h5 17. Qg5 Kh7 18. Qd2 Qf8 19. Ng5+ Kg8 20. Bc2 c5 21. d5 c4
22. Kg1 a5 23. a4 Nc5 24. axb5 a4 25. Qe2 Ng4 26. Qxc4 Ra8 27. f3 Nf6 28. Ra1
Rec8 29. Qb4 Nfd7 30. Kh2 Nb6 31. Nh3 Qh6 32. c4 f6 33. Ra3 g5 34. hxg5 fxg5
35. Nf5 Qf6 36. b3 axb3 37. Bxb3 Rxa3 38. Qxa3 Ra8 39. Qb2 g4 40. fxg4 hxg4 41.
Nf2 Bc8 42. Nxg4 Qg5 43. Ngh6+ Kf8 44. Rf1 Nd3 45. Qe2 Nf4 46. Qf3 Nxc4 47.
Bxc4 Bxf5 48. Nxf5 Ra3 49. Qf2 Rc3 50. g3 Qg4 0-1

[Event "Mittelfr. EM 2018 - Nebenturnier"]
[Site "Nürnberg"]
[Date "2018.03.28"]
[Round "1.7"]
[White "Merdian, Nick"]
[Black "Dreiseitel, Werner"]
[Result "0-1"]
[WhiteElo "1833"]
[BlackElo "1570"]
[PlyCount "54"]
[EventDate "2018.??.??"]
[WhiteTeam "SC Postbauer-Heng"]
[BlackTeam "SGem Fürth"]

1. d4 d5 2. c4 c6 3. Nf3 Nf6 4. e3 e6 5. Nc3 Bd6 6. c5 Bc7 7. Bd3 Nbd7 8. O-O
O-O 9. b4 e5 10. Qc2 e4 11. Nxe4 dxe4 12. Bxe4 Nxe4 13. Qxe4 Re8 14. Qc2 Nf6
15. Bb2 Qd5 16. Rfe1 Bf5 17. Qb3 Qe4 18. Ng5 Bxh2+ 19. Kxh2 Qh4+ 20. Kg1 Qxg5
21. f3 Bh3 22. Re2 Nd5 23. Kh1 Rxe3 24. Rae1 Bxg2+ 25. Kh2 Bxf3 26. Bc1 Qh4+
27. Kg1 Qh1+ 0-1

[Event "Mittelfr. EM 2018 - Nebenturnier"]
[Site "Nürnberg"]
[Date "2018.03.28"]
[Round "1.8"]
[White "Dreiseitel, Ursula"]
[Black "Llugiq, Bajram"]
[Result "0-1"]
[WhiteElo "1461"]
[BlackElo "1827"]
[PlyCount "123"]
[EventDate "2018.??.??"]
[WhiteTeam "SGem Fürth"]
[BlackTeam "SW Nürnberg Süd"]

1. d4 d5 2. Bf4 Nf6 3. Nf3 g6 4. e3 Bg7 5. Nbd2 O-O 6. c3 Nbd7 7. Qc2 c5 8. Be2
Nh5 9. Bg5 Nhf6 10. O-O-O c4 11. Ne5 Ne8 12. Bf4 Nxe5 13. Bxe5 Nf6 14. Rdg1 b5
15. g4 Qb6 16. h4 Nd7 17. Bxg7 Kxg7 18. g5 e5 19. h5 Rg8 20. hxg6 fxg6 21. f4
exf4 22. exf4 Nf8 23. Bg4 Bxg4 24. Rxg4 Qe6 25. Rgg1 Re8 26. Rf1 Qf5 27. Qxf5
gxf5 28. Rh6 Re6 29. Rfh1 Rxh6 30. Rxh6 Ng6 31. Nf3 Re8 32. Ne5 Nxf4 33. Rf6
Rf8 34. Rd6 Nd3+ 35. Kd2 Nxe5 36. dxe5 f4 37. Ke2 Rf5 38. Rxd5 a6 39. Kf3 Rxg5
40. Kxf4 Rg2 41. Kf5 Rf2+ 42. Ke6 Rxb2 43. a3 Rb3 44. Ke7 Rxc3 45. e6 Rd3 46.
Rg5+ Kh6 47. Rg1 Rxa3 48. Kf6 Rf3+ 49. Ke5 Re3+ 50. Kf6 Rf3+ 51. Ke5 b4 52. e7
Re3+ 53. Kf6 Rf3+ 54. Ke6 Re3+ 55. Kf6 Kh5 56. Rg5+ Kh4 57. Rg8 c3 58. e8=Q
Rxe8 59. Rxe8 c2 60. Re4+ Kg3 61. Rxb4 c1=Q 62. Re4 0-1

[Event "Mittelfr. EM 2018 - Nebenturnier"]
[Site "Nürnberg"]
[Date "2018.03.28"]
[Round "1.9"]
[White "Babichev, Vyacheslav"]
[Black "Hofmann, Tim"]
[Result "0-1"]
[WhiteElo "1822"]
[BlackElo "1411"]
[PlyCount "135"]
[EventDate "2018.??.??"]
[WhiteTeam "SW Nürnberg Süd"]
[BlackTeam "SW Nürnberg Süd"]

1. b3 e5 2. Bb2 Nc6 3. e3 d5 4. Bb5 Bd6 5. f4 Qh4+ 6. g3 Qe7 7. Nf3 Bg4 8. fxe5
Bxe5 9. Bxe5 Bxf3 10. Qxf3 Qxe5 11. O-O Nf6 12. Nc3 Qd6 13. a3 O-O-O 14. Qf5+
Kb8 15. Qg5 d4 16. exd4 Nxd4 17. Bd3 Ne6 18. Qa5 h5 19. Nb5 Qc5+ 20. Rf2 Ng4
21. Raf1 Nxf2 22. Rxf2 h4 23. b4 Qb6 24. Qxb6 axb6 25. Rxf7 hxg3 26. hxg3 Rdf8
27. Re7 Ng5 28. Kg2 Rf7 29. Re2 Nf3 30. g4 Rh2+ 31. Kg3 Rxe2 32. Bxe2 Nxd2 33.
Bd3 g5 34. a4 Nf1+ 35. Kg2 Ne3+ 36. Kg3 Rf4 37. c3 Nxg4 38. Nd4 Ne5 39. Be2 Nf7
40. Bh5 Nd8 41. Bg4 Nf7 42. Bh5 Nd8 43. Bg4 c5 44. bxc5 bxc5 45. Nb3 Rc4 46.
Nd2 Rxc3+ 47. Nf3 Nf7 48. Kg2 Ra3 49. Be6 Nd6 50. Bd7 g4 51. Ne5 c4 52. Nxg4
Ne4 53. Ne5 Nc5 54. Be8 c3 55. Bg6 Rxa4 56. Kf1 Ne4 57. Ke2 Nc5 58. Bc2 Ra2 59.
Kd1 Ka7 60. Nc4 b5 61. Ne5 Kb6 62. Nf3 b4 63. Nd4 Rb2 64. Ne2 Kb5 65. Bg6 Kc4
66. Bf7+ Kd3 67. Nc1+ Ke3 68. Bc4 0-1

[Event "Mittelfr. EM 2018 - Nebenturnier"]
[Site "Nürnberg"]
[Date "2018.03.28"]
[Round "1.10"]
[White "Hamazaspyan, Seryozka"]
[Black "Walter, Manfred"]
[Result "0-1"]
[WhiteElo "1245"]
[BlackElo "1802"]
[PlyCount "46"]
[EventDate "2018.??.??"]
[WhiteTeam "SC Noris-Tarrasch Nürnberg"]
[BlackTeam "SV Lauf"]

1. e4 d6 2. f4 Nf6 3. Nc3 d5 4. e5 d4 5. exf6 dxc3 6. fxe7 cxd2+ 7. Bxd2 Bxe7
8. Nf3 O-O 9. Bd3 Bc5 10. Bxh7+ Kxh7 11. Ng5+ Kg6 12. h4 Qe8+ 13. Kf1 Qb5+ 14.
Qe2 Qxe2+ 15. Kxe2 Bg4+ 16. Nf3 Nc6 17. h5+ Kh7 18. Kf1 Bxf3 19. gxf3 Rad8 20.
Bc3 Bd4 21. f5 Bxc3 22. bxc3 Rd2 23. f6 gxf6 0-1

[Event "Mittelfr. EM 2018 - Nebenturnier"]
[Site "Nürnberg"]
[Date "2018.03.28"]
[Round "1.11"]
[White "Schlötterer, Hermann"]
[Black "Keller, Jan-Christopher"]
[Result "1-0"]
[WhiteElo "1792"]
[BlackElo "1011"]
[PlyCount "32"]
[EventDate "2018.??.??"]
[WhiteTeam "Zabo-Eintracht Nürnberg"]
[BlackTeam "SV Neustadt/Aisch"]

1. d4 d5 2. g3 Nf6 3. Bg2 e6 4. Nf3 Nc6 5. O-O Bd6 6. c4 O-O 7. Nc3 b6 8. Bg5
Bb4 9. Rc1 Bxc3 10. Rxc3 Ba6 11. cxd5 Qxd5 12. Ne5 Ne4 13. Rxc6 f6 14. Qc2 fxe5
15. Bxe4 Qxd4 16. Be3 Qd6 1-0

[Event "Mittelfr. EM 2018 - Nebenturnier"]
[Site "Nürnberg"]
[Date "2018.03.28"]
[Round "1.12"]
[White "Hummady, Pascha"]
[Black "Diebel, Günter"]
[Result "0-1"]
[WhiteElo "850"]
[BlackElo "1778"]
[PlyCount "56"]
[EventDate "2018.??.??"]
[WhiteTeam "SC Noris-Tarrasch Nürnberg"]
[BlackTeam "SW Nürnberg Süd"]

1. e4 e5 2. Nf3 Nc6 3. Bc4 Bc5 4. b4 Bxb4 5. c3 Bc5 6. d4 exd4 7. cxd4 Bb4+ 8.
Bd2 Bxd2+ 9. Qxd2 d6 10. O-O Nge7 11. Nc3 O-O 12. Rad1 Bg4 13. Be2 a6 14. d5
Bxf3 15. Bxf3 Ne5 16. Qe3 f5 17. Ne2 Nxf3+ 18. Qxf3 fxe4 19. Qxe4 Ng6 20. Rd4
Qf6 21. Qe6+ Qxe6 22. dxe6 Rae8 23. Rc1 Re7 24. g3 Rxe6 25. Nf4 Nxf4 26. Rxf4
Rxf4 27. gxf4 c5 28. Rd1 b5 0-1

[Event "Mittelfr. EM 2018 - Nebenturnier"]
[Site "Nürnberg"]
[Date "2018.03.28"]
[Round "2.1"]
[White "Konsek, Peter"]
[Black "Schlötterer, Hermann"]
[Result "1-0"]
[WhiteElo "2063"]
[BlackElo "1792"]
[PlyCount "65"]
[EventDate "2018.??.??"]
[WhiteTeam "SW Nürnberg Süd"]
[BlackTeam "Zabo-Eintracht Nürnberg"]

1. e4 Nf6 2. e5 Nd5 3. d4 d6 4. Nf3 Nb6 5. a4 a5 6. Be2 Nc6 7. exd6 exd6 8. h3
Be7 9. O-O O-O 10. Re1 Bf6 11. c3 Re8 12. Bd3 Rxe1+ 13. Qxe1 Be6 14. Nbd2 g6
15. Ne4 Bg7 16. Bg5 Qc8 17. Nf6+ Kh8 18. Qe4 Nd7 19. Ng4 Bf5 20. Qe2 Bxd3 21.
Qxd3 f6 22. Bh4 Ne7 23. Ne3 d5 24. Bg3 Ng8 25. Nxd5 c6 26. Nc7 Ra7 27. Re1 Nf8
28. Ne8 Bh6 29. Nd6 Qd7 30. c4 Ne6 31. c5 Ra8 32. Qb3 Nd8 33. Re8 1-0

[Event "Mittelfr. EM 2018 - Nebenturnier"]
[Site "Nürnberg"]
[Date "2018.03.28"]
[Round "2.2"]
[White "Rausch, Wolfgang sr"]
[Black "Diebel, Günter"]
[Result "1-0"]
[WhiteElo "1878"]
[BlackElo "1778"]
[PlyCount "95"]
[EventDate "2018.??.??"]
[WhiteTeam "SW Nürnberg Süd"]
[BlackTeam "SW Nürnberg Süd"]

1. Nf3 d5 2. d4 Nc6 3. Bf4 Bg4 4. e3 e6 5. Nbd2 f6 6. h3 Bxf3 7. Nxf3 a6 8. c3
g5 9. Bh2 h5 10. Bd3 f5 11. Ne5 Bd6 12. Be2 Nf6 13. Nxc6 bxc6 14. Be5 Bxe5 15.
dxe5 Ne4 16. Bxh5+ Kd7 17. Bf3 Qg8 18. g4 Rh4 19. Bg2 Qh8 20. f3 Ng3 21. Rg1
Qxe5 22. Qd4 Qxd4 23. cxd4 f4 24. Kf2 Rb8 25. Rab1 Kd6 26. b4 Rb7 27. Rgc1 Rh8
28. Rc5 Rb6 29. a3 Ra8 30. exf4 gxf4 31. h4 a5 32. b5 e5 33. Rbc1 e4 34. Rxc6+
Rxc6 35. Rxc6+ Kd7 36. a4 Re8 37. h5 e3+ 38. Ke1 Rg8 39. Bh3 Kd8 40. Rf6 Nh1
41. Rxf4 Nf2 42. Bf1 Re8 43. Ke2 Nh1 44. Ke1 Nf2 45. Be2 Kd7 46. Rf5 c6 47.
bxc6+ Kxc6 48. Bb5+ 1-0

[Event "Mittelfr. EM 2018 - Nebenturnier"]
[Site "Nürnberg"]
[Date "2018.03.28"]
[Round "2.3"]
[White "Hahn, Thomas"]
[Black "Wirth, Karl-Heinz"]
[Result "0-1"]
[WhiteElo "1727"]
[BlackElo "1861"]
[PlyCount "36"]
[EventDate "2018.??.??"]
[WhiteTeam "Zabo-Eintracht Nürnberg"]
[BlackTeam "SC Mühlhof-Reichelsdorf"]

1. e4 e5 2. Nf3 f5 3. Bc4 fxe4 4. Nxe5 d5 5. Qh5+ g6 6. Nxg6 hxg6 7. Qxh8 Kf7
8. Qd4 Be6 9. Bb3 Nc6 10. Qa4 Qg5 11. O-O Ne5 12. f4 exf3 13. g3 Nf6 14. Qf4
Bc5+ 15. d4 Qxf4 16. gxf4 Bxd4+ 17. Kh1 Bh3 18. Rxf3 Nxf3 0-1

[Event "Mittelfr. EM 2018 - Nebenturnier"]
[Site "Nürnberg"]
[Date "2018.03.28"]
[Round "2.4"]
[White "Schöne, Steffen"]
[Black "Weißmann, Peter"]
[Result "1-0"]
[WhiteElo "1860"]
[BlackElo "1734"]
[PlyCount "69"]
[EventDate "2018.??.??"]
[WhiteTeam "Zabo-Eintracht Nürnberg"]
[BlackTeam "SK Zirndorf"]

1. d4 Nf6 2. f3 d5 3. e4 dxe4 4. Nc3 exf3 5. Nxf3 g6 6. Bc4 Bg7 7. O-O O-O 8.
Qe1 b6 9. Qh4 h5 10. Bg5 Ba6 11. Bxa6 Nxa6 12. Ne2 c5 13. Rad1 cxd4 14. Nexd4
Qc7 15. c3 Rad8 16. Kh1 Rfe8 17. Rfe1 Rd5 18. Re2 Qc4 19. Rde1 Qxa2 20. Rxe7
Rxe7 21. Rxe7 Ng4 22. Re8+ Kh7 23. Bc1 Qa4 24. Qe1 Nc5 25. Ng5+ Rxg5 26. Bxg5
Nd3 27. b3 Ndf2+ 28. Kg1 Qd7 29. h3 Bxd4 30. cxd4 Qxd4 31. hxg4 Nd3+ 32. Qe3
Qxg4 33. Bf6 Qd1+ 34. Kh2 g5 35. Qe4+ 1-0

[Event "Mittelfr. EM 2018 - Nebenturnier"]
[Site "Nürnberg"]
[Date "2018.03.28"]
[Round "2.5"]
[White "Llugiq, Bajram"]
[Black "Dreiseitel, Werner"]
[Result "1-0"]
[WhiteElo "1827"]
[BlackElo "1570"]
[PlyCount "79"]
[EventDate "2018.??.??"]
[WhiteTeam "SW Nürnberg Süd"]
[BlackTeam "SGem Fürth"]

1. d4 d5 2. Nf3 c6 3. Nc3 Bf5 4. Nh4 Bg4 5. h3 Bd7 6. Nf3 Qc7 7. e4 dxe4 8.
Nxe4 Bf5 9. Bd3 Nd7 10. Be3 Ngf6 11. Nxf6+ Nxf6 12. Bxf5 Qa5+ 13. c3 Qxf5 14.
Qb3 Qc8 15. O-O e6 16. Rac1 Bd6 17. Rfe1 O-O 18. Bd2 h6 19. c4 Qb8 20. Rcd1 a5
21. Qc2 Bf4 22. Bc3 Rd8 23. Ne5 Nd7 24. Nd3 Bg5 25. Qe2 Bf6 26. Qf3 Nb6 27. c5
Nd5 28. Ne5 Bxe5 29. dxe5 Nxc3 30. Qxc3 Qc7 31. Rd6 Rxd6 32. cxd6 Qd7 33. Rc1
Ra6 34. a4 Kf8 35. b4 axb4 36. Qxb4 b6 37. Qc4 Ra5 38. Qxc6 Qxc6 39. Rxc6 Rxe5
40. Rc8# 1-0

[Event "Mittelfr. EM 2018 - Nebenturnier"]
[Site "Nürnberg"]
[Date "2018.03.28"]
[Round "2.6"]
[White "Walter, Manfred"]
[Black "Hofmann, Tim"]
[Result "1/2-1/2"]
[WhiteElo "1802"]
[BlackElo "1411"]
[PlyCount "81"]
[EventDate "2018.??.??"]
[WhiteTeam "SV Lauf"]
[BlackTeam "SW Nürnberg Süd"]

1. e4 d5 2. exd5 Qxd5 3. Nc3 Qa5 4. Bc4 Nf6 5. d3 e6 6. Bd2 c6 7. Nge2 Bd6 8.
Ne4 Qd8 9. Nxd6+ Qxd6 10. O-O Nbd7 11. Re1 O-O 12. a4 Nb6 13. Bb3 Nbd5 14. c4
Nb4 15. Bxb4 Qxb4 16. d4 b6 17. Qd3 Ba6 18. a5 Rfd8 19. axb6 axb6 20. Red1 e5
21. Qc3 Qxc3 22. bxc3 exd4 23. cxd4 Bb7 24. f3 Kf8 25. Kf2 Re8 26. Ba4 Ra5 27.
Bc2 Rea8 28. Rxa5 Rxa5 29. Nc3 Ke7 30. Ke3 Ba6 31. Rb1 b5 32. cxb5 Bxb5 33. Rb3
Kd6 34. Ne4+ Nxe4 35. fxe4 f6 36. g4 Ra2 37. Rc3 Ra1 38. Kf4 Rc1 39. Rc5 Rf1+
40. Kg3 Re1 41. Rc3 1/2-1/2

[Event "Mittelfr. EM 2018 - Nebenturnier"]
[Site "Nürnberg"]
[Date "2018.03.28"]
[Round "2.7"]
[White "Greul, Hans"]
[Black "Süß, Helmut"]
[Result "1-0"]
[WhiteElo "2066"]
[BlackElo "1889"]
[PlyCount "79"]
[EventDate "2018.??.??"]
[WhiteTeam "SK Schwabach"]
[BlackTeam "SC Noris-Tarrasch Nürnberg"]

1. d4 Nf6 2. Nf3 e6 3. c4 Bb4+ 4. Bd2 Qe7 5. e3 O-O 6. Bd3 Bxd2+ 7. Nbxd2 d6 8.
Qc2 Nbd7 9. O-O c5 10. Rfd1 b6 11. a3 Bb7 12. b4 e5 13. d5 Rfe8 14. Bf5 g6 15.
Bxd7 Qxd7 16. bxc5 bxc5 17. Rdb1 Re7 18. Rb2 Rae8 19. Qc3 Kg7 20. Rab1 Bc8 21.
h3 e4 22. Nh2 Re5 23. Rb8 h5 24. Ra8 Ba6 25. Rxe8 Qxe8 26. Qa5 Qc8 27. Nhf1 h4
28. Qc3 Qe8 29. Nh2 Bc8 30. Rb8 Qd7 31. f4 exf3 32. Ndxf3 Re8 33. Ng4 Qe7 34.
Kf2 g5 35. Nxg5 Kg6 36. Nxf6 Qxf6+ 37. Qxf6+ Kxf6 38. Nf3 Rh8 39. e4 a6 40. Ke3
1-0

[Event "Mittelfr. EM 2018 - Nebenturnier"]
[Site "Nürnberg"]
[Date "2018.03.28"]
[Round "2.8"]
[White "Friedrich, Michael"]
[Black "Merdian, Nick"]
[Result "1-0"]
[WhiteElo "1665"]
[BlackElo "1833"]
[PlyCount "69"]
[EventDate "2018.??.??"]
[WhiteTeam "SC Erlangen"]
[BlackTeam "SC Postbauer-Heng"]

1. e4 c5 2. f4 d6 3. Nf3 Nc6 4. c3 Nf6 5. d3 g6 6. Be2 Bg7 7. O-O b6 8. Nbd2
Ng4 9. Nc4 O-O 10. Ng5 Nf6 11. Qe1 b5 12. Ne3 Bb7 13. f5 Bh6 14. Qh4 Bxg5 15.
Qxg5 Ne5 16. Qh6 Qd7 17. Rf4 e6 18. Rh4 exf5 19. Nxf5 gxf5 20. Qxf6 Qe6 21.
Qg5+ Ng6 22. Rh3 fxe4 23. Qh6 Rfe8 24. Qxh7+ Kf8 25. Qh6+ Kg8 26. Qh7+ Kf8 27.
Bh6+ Ke7 28. dxe4 Qxe4 29. Re3 Qxe3+ 30. Bxe3 Rh8 31. Bg5+ Kf8 32. Bh6+ Ke7 33.
Qg7 Rag8 34. Bg5+ Ke8 35. Bxb5+ 1-0

[Event "Mittelfr. EM 2018 - Nebenturnier"]
[Site "Nürnberg"]
[Date "2018.03.28"]
[Round "2.9"]
[White "Dreiseitel, Ursula"]
[Black "Babichev, Vyacheslav"]
[Result "0-1"]
[WhiteElo "1461"]
[BlackElo "1822"]
[PlyCount "68"]
[EventDate "2018.??.??"]
[WhiteTeam "SGem Fürth"]
[BlackTeam "SW Nürnberg Süd"]

1. d4 Nf6 2. Bf4 g6 3. Nf3 Bg7 4. e3 O-O 5. Nbd2 d6 6. c3 h6 7. Qc2 Nh5 8. Bg3
Bf5 9. e4 Bg4 10. O-O-O c6 11. Re1 Qa5 12. a3 b5 13. e5 Bf5 14. Bd3 Bxd3 15.
Qxd3 Na6 16. exd6 Nxg3 17. hxg3 exd6 18. Re7 c5 19. Qe4 b4 20. Nb1 bxa3 21.
Nxa3 cxd4 22. Nxd4 Nc5 23. Qe3 Qa6 24. Re1 Nd3+ 25. Kc2 Nxe1+ 26. Qxe1 Bxd4 27.
cxd4 Rac8+ 28. Kd1 Qa4+ 29. Ke2 Qxd4 30. Qd2 Qxd2+ 31. Kxd2 Rb8 32. Rxa7 Rxb2+
33. Ke3 Re8+ 34. Kd4 Rxf2 0-1

[Event "Mittelfr. EM 2018 - Nebenturnier"]
[Site "Nürnberg"]
[Date "2018.03.28"]
[Round "2.10"]
[White "Hamazaspyan, Seryozka"]
[Black "Münzenberg, Dietrich"]
[Result "0-1"]
[WhiteElo "1245"]
[BlackElo "1679"]
[PlyCount "84"]
[EventDate "2018.??.??"]
[WhiteTeam "SC Noris-Tarrasch Nürnberg"]
[BlackTeam "Zabo-Eintracht Nürnberg"]

1. e4 c6 2. Nc3 d5 3. d4 dxe4 4. Nxe4 Nd7 5. Nf3 Ndf6 6. Bd3 Nxe4 7. Bxe4 Nf6
8. Bd3 Bg4 9. h3 Bxf3 10. Qxf3 Qxd4 11. c3 Qd5 12. Qg3 O-O-O 13. Be2 e5 14. Bg5
Kb8 15. O-O Ne4 16. Qe3 Nxg5 17. Qxg5 f6 18. Qg3 Qf7 19. a4 Bc5 20. b4 Bb6 21.
a5 Bc7 22. a6 b6 23. b5 cxb5 24. Bxb5 e4 25. Qe3 f5 26. f3 exf3 27. Qxf3 Bd6
28. Qxf5 Qc7 29. Qf7 Rhf8 30. Qxc7+ Kxc7 31. c4 h5 32. g4 hxg4 33. hxg4 Bc5+
34. Kh1 Rh8+ 35. Kg2 Rd2+ 36. Kg3 Bd6+ 37. Kf3 Rh3+ 38. Ke4 Re2+ 39. Kf5 Rh6
40. Rae1 Rf6+ 41. Kg5 Rxe1 42. Rxe1 Bf4+ 0-1

[Event "Mittelfr. EM 2018 - Nebenturnier"]
[Site "Nürnberg"]
[Date "2018.03.28"]
[Round "2.11"]
[White "Keller, Jan-Christopher"]
[Black "Cordts, Elof"]
[Result "0-1"]
[WhiteElo "1011"]
[BlackElo "1662"]
[PlyCount "50"]
[EventDate "2018.??.??"]
[WhiteTeam "SV Neustadt/Aisch"]
[BlackTeam "SC Erlangen"]

1. c4 Nf6 2. Nc3 e6 3. g3 Be7 4. Bg2 c6 5. e3 d5 6. b3 O-O 7. Nge2 Nbd7 8. O-O
Rb8 9. d4 b6 10. e4 dxc4 11. bxc4 e5 12. Be3 Qc7 13. f4 exd4 14. Nxd4 Ba6 15.
Nxc6 Qxc6 16. e5 Qxc4 17. exf6 Nxf6 18. Nd5 Nxd5 19. Bxd5 Qxf1+ 20. Qxf1 Bxf1
21. Kxf1 Rfd8 22. Bb3 Rbc8 23. Kg2 Bc5 24. Kf3 Rd3 25. Re1 Re8 0-1

[Event "Mittelfr. EM 2018 - Nebenturnier"]
[Site "Nürnberg"]
[Date "2018.03.28"]
[Round "2.12"]
[White "Walter, Gabriele"]
[Black "Hummady, Pascha"]
[Result "0-1"]
[WhiteElo "1590"]
[BlackElo "850"]
[PlyCount "52"]
[EventDate "2018.??.??"]
[WhiteTeam "SV Lauf"]
[BlackTeam "SC Noris-Tarrasch Nürnberg"]

1. c4 e6 2. g3 Nf6 3. Bg2 d5 4. e3 b6 5. Nc3 Bb7 6. Nge2 Bd6 7. O-O O-O 8. d3
Nbd7 9. cxd5 exd5 10. b3 c5 11. e4 d4 12. Nb5 Be5 13. Na3 h6 14. Nc4 Nh7 15.
Nxe5 Nxe5 16. Bf4 Ng6 17. Re1 Nxf4 18. Nxf4 f5 19. Ne6 Qd7 20. Nxf8 Rxf8 21. e5
Bxg2 22. Kxg2 Re8 23. Kg1 Qd5 24. Qe2 Ng5 25. Red1 Nh3+ 26. Kf1 Qh1# 0-1

[Event "Mittelfr. EM 2018 - Nebenturnier"]
[Site "Nürnberg"]
[Date "2018.03.29"]
[Round "3.1"]
[White "Wirth, Karl-Heinz"]
[Black "Konsek, Peter"]
[Result "0-1"]
[WhiteElo "1861"]
[BlackElo "2063"]
[PlyCount "56"]
[EventDate "2018.??.??"]
[WhiteTeam "SC Mühlhof-Reichelsdorf"]
[BlackTeam "SW Nürnberg Süd"]

1. e4 c5 2. b4 cxb4 3. Bb2 Nf6 4. e5 Nd5 5. Bc4 Nb6 6. Bb3 d5 7. exd6 Qxd6 8.
Nf3 Be6 9. Be5 Qd7 10. Bxe6 Qxe6 11. O-O Nc6 12. Re1 Nxe5 13. Nxe5 g6 14. c4
Bg7 15. c5 O-O 16. cxb6 Bxe5 17. d4 Rfd8 18. Nd2 Rxd4 19. Qe2 Bxh2+ 20. Kxh2
Qd6+ 21. Kg1 Rxd2 22. Qf3 axb6 23. Qxb7 Raxa2 24. Rxa2 Rxa2 25. Qc8+ Kg7 26.
Qc4 Qd2 27. Qe4 Qxf2+ 28. Kh1 Ra5 0-1

[Event "Mittelfr. EM 2018 - Nebenturnier"]
[Site "Nürnberg"]
[Date "2018.03.29"]
[Round "3.2"]
[White "Schöne, Steffen"]
[Black "Rausch, Wolfgang sr"]
[Result "1/2-1/2"]
[WhiteElo "1860"]
[BlackElo "1878"]
[PlyCount "71"]
[EventDate "2018.??.??"]
[WhiteTeam "Zabo-Eintracht Nürnberg"]
[BlackTeam "SW Nürnberg Süd"]

1. d4 d5 2. c4 c6 3. cxd5 cxd5 4. Nf3 Nf6 5. Nc3 Nc6 6. Bf4 a6 7. Rc1 e6 8. e3
Bb4 9. Bd3 b5 10. O-O Bb7 11. Ne5 Ne7 12. Bg3 O-O 13. Bh4 Ng6 14. Bxg6 hxg6 15.
Ne2 Be7 16. Nf4 Qd6 17. Bg3 Rfc8 18. Qf3 Rxc1 19. Rxc1 Rc8 20. Rxc8+ Bxc8 21.
h4 Bd8 22. h5 gxh5 23. Nxh5 Qf8 24. Bh4 Nxh5 25. Bxd8 g6 26. g4 Ng7 27. Bg5 Ne8
28. Nc6 f6 29. Bf4 g5 30. Bg3 Kg7 31. Qe2 Qf7 32. Qc2 Qd7 33. Qc5 Kf7 34. Kg2
Bb7 35. Na5 Bc8 36. Nc6 1/2-1/2

[Event "Mittelfr. EM 2018 - Nebenturnier"]
[Site "Nürnberg"]
[Date "2018.03.29"]
[Round "3.3"]
[White "Walter, Manfred"]
[Black "Llugiq, Bajram"]
[Result "1/2-1/2"]
[WhiteElo "1802"]
[BlackElo "1827"]
[PlyCount "130"]
[EventDate "2018.??.??"]
[WhiteTeam "SV Lauf"]
[BlackTeam "SW Nürnberg Süd"]

1. e4 c5 2. c3 e6 3. d4 cxd4 4. cxd4 d5 5. Bd3 Nc6 6. Nf3 dxe4 7. Bxe4 Nf6 8.
Bc2 Be7 9. O-O O-O 10. a3 b6 11. Nc3 Bb7 12. Re1 Rc8 13. Qd3 g6 14. Bh6 Re8 15.
Rad1 Na5 16. Ne5 Nd5 17. Ne4 f5 18. Nd2 Bg5 19. Bxg5 Qxg5 20. Ndf3 Qf6 21. Ba4
Re7 22. Nd7 Qg7 23. Nfe5 Nc6 24. Nxc6 Bxc6 25. Bxc6 Rxc6 26. Ne5 Rcc7 27. g3
Qf6 28. Rc1 h5 29. Qb5 h4 30. Rxc7 Nxc7 31. Qc6 hxg3 32. fxg3 Kg7 33. Qd6 Nd5
34. Nc6 Re8 35. Qd7+ Qf7 36. Qxf7+ Kxf7 37. Nxa7 Re7 38. Nb5 Rd7 39. Rc1 Ke7
40. Kf2 g5 41. h3 f4 42. Rc6 fxg3+ 43. Kxg3 Kf6 44. Nc3 Nf4 45. Ne4+ Kf5 46.
Nd6+ Kf6 47. Rxb6 Ne2+ 48. Kg4 Nxd4 49. Ne4+ Ke5 50. Nxg5 Kd5 51. a4 e5 52. a5
e4 53. Kf4 Re7 54. Rb8 Nc6 55. Rb3 Ra7 56. Nxe4 Rxa5 57. Rd3+ Kc4 58. Rc3+ Kd5
59. h4 Nb4 60. Rh3 Kd4 61. h5 Nd3+ 62. Rxd3+ Kxd3 63. Ng5 Ra6 64. Nf3 Rb6 65.
h6 Rxb2 1/2-1/2

[Event "Mittelfr. EM 2018 - Nebenturnier"]
[Site "Nürnberg"]
[Date "2018.03.29"]
[Round "3.4"]
[White "Hofmann, Tim"]
[Black "Friedrich, Michael"]
[Result "1-0"]
[WhiteElo "1411"]
[BlackElo "1665"]
[PlyCount "45"]
[EventDate "2018.??.??"]
[WhiteTeam "SW Nürnberg Süd"]
[BlackTeam "SC Erlangen"]

1. d4 g6 2. Bf4 Bg7 3. e4 d6 4. Nc3 Nd7 5. Nf3 c5 6. d5 a6 7. a4 Qb6 8. Qc1
Ngf6 9. a5 Qa7 10. Be2 b5 11. axb6 Qxb6 12. Nd2 Rb8 13. Nc4 Qc7 14. O-O Rb4 15.
Qd2 Nb6 16. b3 Nxc4 17. Bxc4 Qb6 18. e5 dxe5 19. Bxe5 Ne4 20. Nxe4 Bxe5 21.
Rfd1 Qb8 22. d6 Qa7 23. Qd5 1-0

[Event "Mittelfr. EM 2018 - Nebenturnier"]
[Site "Nürnberg"]
[Date "2018.03.29"]
[Round "3.5"]
[White "Münzenberg, Dietrich"]
[Black "Greul, Hans"]
[Result "0-1"]
[WhiteElo "1679"]
[BlackElo "2066"]
[PlyCount "54"]
[EventDate "2018.??.??"]
[WhiteTeam "Zabo-Eintracht Nürnberg"]
[BlackTeam "SK Schwabach"]

1. d4 e6 2. c4 d5 3. Nc3 Nf6 4. Nf3 c6 5. cxd5 exd5 6. Bg5 Bf5 7. e3 Nbd7 8.
Be2 Bd6 9. O-O O-O 10. Re1 Qa5 11. Bd3 Bxd3 12. Qxd3 Rfe8 13. a3 Ne4 14. b4 Qc7
15. Rac1 a6 16. Nxd5 Qb8 17. Nc3 Nxg5 18. Nxg5 Bxh2+ 19. Kf1 Nf6 20. Nce4 Nxe4
21. Nxe4 Bd6 22. Ng5 g6 23. Ne4 Be7 24. Rb1 Qh2 25. g3 Bd8 26. Ke2 Qh5+ 27. Kf1
Qh1+ 0-1

[Event "Mittelfr. EM 2018 - Nebenturnier"]
[Site "Nürnberg"]
[Date "2018.03.29"]
[Round "3.6"]
[White "Babichev, Vyacheslav"]
[Black "Hahn, Thomas"]
[Result "1-0"]
[WhiteElo "1822"]
[BlackElo "1727"]
[PlyCount "79"]
[EventDate "2018.??.??"]
[WhiteTeam "SW Nürnberg Süd"]
[BlackTeam "Zabo-Eintracht Nürnberg"]

1. e4 c5 2. Nf3 d6 3. d4 cxd4 4. Nxd4 Nf6 5. Nc3 g6 6. Bg5 Bg7 7. Bc4 O-O 8.
Qd2 Nc6 9. Nxc6 bxc6 10. O-O Rb8 11. Rab1 Qa5 12. Bh6 Bxh6 13. Qxh6 Rxb2 14.
Qd2 Rxb1 15. Rxb1 Be6 16. Bxe6 fxe6 17. h3 Qc7 18. Qd3 Rb8 19. Re1 Qa5 20. Re3
Qb6 21. Kh2 Rf8 22. g3 Nd7 23. Qe2 Ne5 24. Kg2 Qc5 25. Nd1 Qc4 26. Qxc4 Nxc4
27. Rb3 Nb6 28. Ra3 Ra8 29. Ne3 e5 30. c4 c5 31. Ra6 Kf7 32. a4 Ke8 33. a5 Na4
34. Nd5 Kd7 35. f4 exf4 36. gxf4 h6 37. e5 dxe5 38. fxe5 e6 39. Rd6+ Ke8 40.
Nc7+ 1-0

[Event "Mittelfr. EM 2018 - Nebenturnier"]
[Site "Nürnberg"]
[Date "2018.03.29"]
[Round "3.7"]
[White "Schlötterer, Hermann"]
[Black "Cordts, Elof"]
[Result "1-0"]
[WhiteElo "1792"]
[BlackElo "1662"]
[PlyCount "87"]
[EventDate "2018.??.??"]
[WhiteTeam "Zabo-Eintracht Nürnberg"]
[BlackTeam "SC Erlangen"]

1. d4 Nf6 2. g3 c5 3. Nf3 cxd4 4. Nxd4 Nc6 5. Bg2 g6 6. Nc3 Bg7 7. O-O O-O 8.
e4 a6 9. Be3 Qc7 10. h3 d6 11. Qd2 Bd7 12. Rac1 Rac8 13. Nd5 Nxd5 14. exd5 Nxd4
15. Bxd4 Bxd4 16. Qxd4 Qc4 17. Qxc4 Rxc4 18. c3 Rfc8 19. Rfe1 Kf8 20. Re3 Re8
21. b3 Rc7 22. f4 b5 23. g4 Rec8 24. Kf2 f6 25. Kg3 Kf7 26. Bf3 Re8 27. Rce1
Bc8 28. h4 Bb7 29. f5 Bc8 30. fxg6+ hxg6 31. Be4 Rh8 32. Rh1 Kg7 33. h5 Bd7 34.
Bxg6 Bc8 35. Rhe1 Kf8 36. Rd1 Rg8 37. Rf3 Kg7 38. Kf4 Rh8 39. Re3 a5 40. Rde1
Kf8 41. g5 f5 42. h6 Bb7 43. Re6 Bxd5 44. Rxd6 1-0